The market-milk industry, (Record no. 11174)
[ view plain ]
| 000 -LEADER | |
|---|---|
| fixed length control field | 00891cam a22002891 4500 |
| 001 - CONTROL NUMBER | |
| control field | agr50000424 |
| 003 - CONTROL NUMBER IDENTIFIER | |
| control field | DLC |
| 005 - DATE AND TIME OF LATEST TRANSACTION | |
| control field | 20260227111013.0 |
| 008 - FIXED-LENGTH DATA ELEMENTS--GENERAL INFORMATION | |
| fixed length control field | 750909s1950 xx 000 0 eng |
| 010 ## - LIBRARY OF CONGRESS CONTROL NUMBER | |
| LC control number | agr50000424 |
| 015 ## - NATIONAL BIBLIOGRAPHY NUMBER | |
| National bibliography number | GB50-2893 |
| 035 ## - SYSTEM CONTROL NUMBER | |
| System control number | (OCoLC)1611073 |
| 040 ## - CATALOGING SOURCE | |
| Original cataloging agency | DLC |
| Transcribing agency | FM |
| Modifying agency | Uk |
| -- | DLC |
| 050 00 - LIBRARY OF CONGRESS CALL NUMBER | |
| Classification number | SF239 |
| Item number | .R585 1950 |
| 082 ## - DEWEY DECIMAL CLASSIFICATION NUMBER | |
| Classification number | 637.1 |
| 100 1# - MAIN ENTRY--PERSONAL NAME | |
| Personal name | Roadhouse, Chester Linwood, |
| Dates associated with a name | 1881- |
| 245 14 - TITLE STATEMENT | |
| Title | The market-milk industry, |
| Statement of responsibility, etc. | by Chester Linwood Roadhouse and James Lloyd Henderson. |
| 250 ## - EDITION STATEMENT | |
| Edition statement | 2d ed. |
| 260 ## - PUBLICATION, DISTRIBUTION, ETC. | |
| Place of publication, distribution, etc. | New York, |
| Name of publisher, distributor, etc. | McGraw-Hill, |
| Date of publication, distribution, etc. | 1950. |
| 300 ## - PHYSICAL DESCRIPTION | |
| Extent | xviii, 716 p. |
| Other physical details | illus., maps. |
| Dimensions | 24 cm. |
| 440 #0 - SERIES STATEMENT/ADDED ENTRY--TITLE | |
| Title | McGraw-Hill publications in the agricultural sciences |
| 500 ## - GENERAL NOTE | |
| General note | "References" at end of each chapter. |
| 650 #0 - SUBJECT ADDED ENTRY--TOPICAL TERM | |
| Topical term or geographic name entry element | Dairying. |
| 650 #0 - SUBJECT ADDED ENTRY--TOPICAL TERM | |
| Topical term or geographic name entry element | Milk. |
| 650 #0 - SUBJECT ADDED ENTRY--TOPICAL TERM | |
| Topical term or geographic name entry element | Dairy products. |
| 700 1# - ADDED ENTRY--PERSONAL NAME | |
| Personal name | Henderson, James Lloyd, |
| Dates associated with a name | 1899- |
| Relator term | joint author. |
No items available.